| 000 | 00392nam a22001457a 4500 | ||
|---|---|---|---|
| 082 | _aP-274 | ||
| 100 |
_aTC Kamran Sajid _947945 |
||
| 245 |
_aStudy of Clay Nylon reinforced structure _cTC Kamran Sajid, TC Hamaish Gul |
||
| 260 |
_aMCE _c21.04.2004 |
||
| 300 | _a100 p. | ||
| 526 |
_a0 _b0 _c0 _dP_274 |
||
| 650 | _aProject | ||
| 700 |
_aAsst Prof Dr. Noor ul Amin _947946 |
||
| 942 |
_2ddc _cBK |
||
| 999 |
_c551020 _d551020 |
||